000 00924cam a2200313 4500
008 090401t1995 xxu||||| |||| 00| 0 eng d
020 _a0854066810
035 _a(Sirsi) u61604
041 _aeng
050 _a639.9
090 _aRICS 1994/87ABCD
100 _aWhitehead, I.R.G.
245 4 _aThe agri-environmental package 1994.
260 _aLondon
_bRICS
_c1995
300 _a23p. ; 30cm.
350 _a0
520 _aWITHDRAWN FROM PUBLICATION (1996). Published by the Rural Practice Division
650 _aAGRI-ENVIRONMENTAL PACKAGE
650 _aCOUNTRYSIDE ACCESS SCHEME
650 _aENVIRONMENTALLY SENSITIVE AREAS
650 _aNEW HABITAT SCHEME
650 _aNITRATE SENSITIVE AREAS
650 _aORGANIC AID SCHEME
650 _aRURAL PRACTICE DIVISION
690 _aRURAL PRACTICE
710 _aRoyal Institution of Chartered Surveyors
_94900
942 _n0
948 _c04/03/1997
999 _c94327
_d94327